| 000 | 00413pab a2200145 454500 | ||
|---|---|---|---|
| 008 | 180718b2005 xxu||||| |||| 00| 0 eng d | ||
| 100 | _aSwaminathan, Padmini | ||
| 245 | _aMaking sense of vocational education policies: a comparative assessment | ||
| 260 | _c2005 | ||
| 300 | _ap.537-52. | ||
| 362 | _aJul-Sep | ||
| 650 | _aVocational education | ||
| 773 | _aIndian Journal of Labour Economics | ||
| 909 | _a68889 | ||
| 999 |
_c68889 _d68889 |
||